Statistiques concernant Totally Spies - Générique (Paroles)

Cliquez ici pour prendre le quiz!

Statistiques générales

  • Ce quiz a été pris 206 fois
  • Le résultat moyen est 49 sur 163

Statistiques - réponses

Paroles% Correct
spy
75%
Spy
75%
à
72%
totally
69%
Totally
69%
la
66%
Et
57%
et
57%
filles
57%
super
57%
Super
57%
Trois
55%
De
52%
de
52%
il
52%
Pour
52%
pour
52%
Spies
52%
spies
52%
fashion
51%
mode
51%
espionnes
49%
être
49%
Toujours
49%
faut
48%
Le
45%
le
45%
vivre
45%
happy
44%
l'action
43%
fraîches
41%
Jerry
37%
Sam
37%
go
36%
Clover
35%
Alex
34%
pures
32%
drole
30%
fly
29%
les
28%
Les
28%
un
26%
des
25%
mission
23%
une
22%
C'est
21%
study
21%
on
20%
prêtes
20%
en
19%
est
19%
Allô
15%
code
15%
gadgets
15%
question
15%
shopping
15%
Tout
15%
au
14%
fin
14%
let's
14%
ready
14%
chaque
13%
Avant
12%
faire
12%
fête
12%
fond
12%
opération
12%
Relookées
12%
terminé
12%
Avec
11%
baby
11%
Envoyez
11%
power
11%
totalement
11%
comme
10%
fait
10%
pas
10%
pied
10%
tête
10%
danger
9%
notre
9%
Okay
9%
bout
8%
cils
8%
geste
8%
jusqu'au
8%
lookées
8%
meilleur
8%
mieux
8%
mystère
8%
parfaites
8%
repère
8%
affaire
7%
esprits
7%
face
7%
Groove
7%
manière
7%
vers
7%
y'a
7%
clin
6%
crush
6%
d'œil
6%
hostiles
6%
l'art
6%
lumière
6%
misses
6%
Unies
6%
Blonde
5%
brune
5%
cœur
5%
Refraincouleur
5%
destins
5%
rousse
5%

Distribution des résultats

Percentile par nombre de réponses

% des personnes avec chaque résultat

Votre développement - résultats

Vous n’avez pas pris ce quiz